00707nam a2200217Ia 4500003000900000008004100009020001800050040001600068080001500084245006600099260004600165300001400211650004100225650002700266650001600293700003100309700003600340942000700376999001500383952009100398IN-BaIIA211028s9999 xx 000 0 eng d a0-8165-0828-3 cIIA Library a523.4bPLA 0aPlanetary ringscedited by Richard Greenberg and Andre Brahic aTucsonbUniversity of Arizona Pressc1984 axi, 784p. aAstronomy and astrophysics thesaurus aPlanetary rings914355 aRings95153 aBrahic, Andre., ed.914356 aGreenberg, Richard., ed.914357 cBK c8560d8560 00104070aBANbBANcGENd1986-01-07l0o523.4/ PLAp9429r2021-11-05w1986-01-07yBK